000 00699nam a22002657a 4500
001 20349
003 UA-OsUOA
005 20240125151233.0
007 ta
008 20031027b un ||||| |||| 00| 0 ukr d
020 _a5-11-004675-1
040 _aUA-OsUOA
_bukr
_cUA-OsUOA
_dUA-OsUOA
041 _aukr
044 _aUA
080 _a911.3
090 _a911.3
_bП34
100 _aПістун М. Д.
245 _aОснови теорії суспільної географії
260 _aКиїв
_bВища школа
_c1996
300 _a231 с.
650 7 _2UDC
942 _cBK
_2udc
955 _a0
999 _c306526
_d306526